Webster County iron ores. (Record no. 28560)

MARC details
000 -LEADER
fixed length control field 00740cam a22002411 4500
001 - CONTROL NUMBER
control field gs 51000148
003 - CONTROL NUMBER IDENTIFIER
control field DLC
005 - DATE AND TIME OF LATEST TRANSACTION
control field 20260227111357.0
008 - FIXED-LENGTH DATA ELEMENTS--GENERAL INFORMATION
fixed length control field 770826s1951 msuab s000 0 eng c
010 ## - LIBRARY OF CONGRESS CONTROL NUMBER
LC control number gs 51000148
035 ## - SYSTEM CONTROL NUMBER
System control number (OCoLC)3221108
040 ## - CATALOGING SOURCE
Original cataloging agency U.S. Geol. Survey. Libr.
Transcribing agency NcBoA
Modifying agency DLC
042 ## - AUTHENTICATION CODE
Authentication code premarc
043 ## - GEOGRAPHIC AREA CODE
Geographic area code n-us-ms
050 00 - LIBRARY OF CONGRESS CALL NUMBER
Classification number QE129
Item number .A2 no. 73
082 ## - DEWEY DECIMAL CLASSIFICATION NUMBER
Classification number 553.3
100 1# - MAIN ENTRY--PERSONAL NAME
Personal name Vestal, Franklin E.
Fuller form of name (Franklin Earl),
Dates associated with a name 1884-1969.
245 00 - TITLE STATEMENT
Title Webster County iron ores.
260 ## - PUBLICATION, DISTRIBUTION, ETC.
Place of publication, distribution, etc. University, Miss.,
Date of publication, distribution, etc. 1951.
300 ## - PHYSICAL DESCRIPTION
Extent 48 p.
Other physical details illus., fold. map.
Dimensions 23 cm.
410 20 - SERIES STATEMENT/ADDED ENTRY--CORPORATE NAME [OBSOLETE, CAN/MARC], [LOCAL, USA]
Corporate name or jurisdiction name as entry element Mississippi Geological, Economic, and Topographical Survey
Title of a work Bulletin
Volume number/sequential designation 73
650 #0 - SUBJECT ADDED ENTRY--TOPICAL TERM
Topical term or geographic name entry element Iron ores
Geographic subdivision Mississippi
-- Webster County.

No items available.

Powered by Koha